2010 International trade statistics yearbook : volume 1 trade by country.
| Corporate Author: | |
|---|---|
| Format: | Book |
| Published: |
New York:
United Nations,
2011.
|
| Subjects: |
| LEADER | 00484cam a2200145 7i4500 | ||
|---|---|---|---|
| 001 | 0000030533 | ||
| 005 | 20140128090000.0 | ||
| 020 | 0 | 0 | |a 9789211615531 |
| 090 | 0 | 0 | |a STAT 382.021 |b INT |
| 110 | 2 | 0 | |a United Nations |
| 245 | 2 | 0 | |a 2010 International trade statistics yearbook : |b volume 1 trade by country. |
| 260 | 0 | 0 | |a New York: |b United Nations, |c 2011. |
| 300 | # | # | |a 407 p. |
| 650 | 0 | 0 | |a International trade -- |x Statistics -- |x Yearbooks |
| 999 | |a B000033612 |b Book |c Statistics |e Business Information Centre | ||


